000
00215 a2200097 4500
001
32690
100
_a
Churchill, W S
245
_a
Happy odyssey
260
_a
London
_b
Jonathan Cape T B S
_c
090
_c
21891
_d
21891
942
_a
NUST-CAE
_c
M
_c
13215
999
_c
267763
_d
267763